| 000 | 00656nam a22002057a 4500 | ||
|---|---|---|---|
| 008 | 160927b xxu||||| |||| 00| 0 eng d | ||
| 020 | _a0471029602 | ||
| 020 | _a9780471029601 | ||
| 050 |
_aHD 31 _b.S3326 1996 |
||
| 100 | _aSchermerhorn, John R. | ||
| 245 |
_aManagement/ _cJohn R. Schermerhorn,William Naumes and Margaret J. Naumes |
||
| 250 | _a5th ed. | ||
| 260 |
_aNew York : _bJohn-Willey & Sons ; _c1996. |
||
| 300 |
_axlvi, 525p. : _bill. ; |
||
| 500 | _aIncludes bibliography and index. | ||
| 650 | _aManagement. | ||
| 700 | _aNaumes, William | ||
| 700 | _aNaumes, Margaret J. | ||
| 942 |
_2lcc _cBOOKS _hHD 31 .S3326 1996 _02 |
||
| 999 |
_c14180 _d14180 |
||